000 00564nam a2200193 i 4500
001 88637
003 ES-MaACL
007 t|
008 050105s1982 sp ||||1| spa d
100 1 _aLamberth, John.
_969822
245 1 0 _aPsicología social /
_cJohn Lamberth ; [traducción de Rafael Burgaleta Alvarez].
260 _aMadrid :
_bPirámide,
_c[1982]
300 _a671 p. ;
_c23 cm.
490 1 _aPsicología
700 1 _aBurgaleta Alvarez, Rafael.
_932616
830 0 _aPsicología
_9178186
852 _aES-MaACL
_jL-7294
_bR.108080
999 _c88637
_d88637